No al apocalipsis nuclear

Saved in:
Bibliografiske detaljer
Hovedforfatter: Lagos Matus, Gustavo (autor)
Format: Bog
Sprog:spansk
Udgivet: Santiago Salesiana 1984
Fag:
Tags: Tilføj Tag
Ingen Tags, Vær først til at tagge denne postø!

MARC

LEADER 00000nam a2200000 a 4500
001 UCO8203
003 CL-VaPUC
008 001201e19840000CL |||||||||||||||||spa|d
082 0 4 |a 327.174  |b LAG  |2 21 
100 |a Lagos Matus, Gustavo  |e autor  |9 582304 
245 1 0 |a No al apocalipsis nuclear 
300 |a 207 p 
942 |c BK 
945 |d 20001201 00:00:00  |a crobeson 
260 |a Santiago  |b Salesiana  |c 1984 
500 |a Donación del profesor Manfred Wilhelmy von Wolff 
600 0 |a Silva Henríquez, Raúl  |9 257779 
650 0 |a Desarme  |9 255227 
650 0 |a Armas nucleares  |9 334563 
650 0 |a Energía nuclear   |9 255228 
650 0 |a Seguridad nacional  |9 317752 
583 |a last modification  |c 20001201 00:00:00  |k Rodrigo Vera 
999 |c 292930  |d 292928 
952 |0 0  |1 0  |4 0  |6 327_174000000000000_LAG_1984  |7 0  |8 A  |9 344012  |a BIBHIS  |b BIBHIS  |d 2019-11-20  |i 1230751  |o 327.174 LAG 1984  |p 1230751  |r 2025-01-20  |w 2019-11-20  |y BK  |k HIS